000 00893nam1a22002771 4500
001 v19\rc\1975161
005 20251118181135.9
035 _a(NLR Aleph) 005059151
090 _a6977453
_c6977453
100 _a20080623d1914 u y0rusy50 ca
101 0 _arus
102 _aRU
105 _ay z |||||
200 1 _aВопросы религии и морали в русской художественной литературе
_fЯ.Н. Ктитарев
205 _a2-е изд. Ч. 1-2
210 _aСанкт-Петербург
_cПетерб. учеб. маг.
_d1914
215 _a2 т.
_d22
700 1 _aКтитарев
_bЯ.Н.
_gЯков Николаевич
801 0 _aRU
_bNLR
_gpsbo
801 0 _aRU
_bRuMoRGB
_2psbo
801 1 _aRU
_bProSoft-M
_2rusmarc
852 _aNLR
_j37.44.2.45
852 _aNLR
_j130/8848
899 _aRuMoRGB
_jW 517/209
942 _cBOOK
980 _aNB